Extinct Animals of Europe-Pictures - Statistics

General Stats
  • This quiz has been taken 27 times
  • The average score is 3 of 14
Answer Stats
Picture Answer % Correct
Woolly Mammoth
88%
Aurochs
58%
Irish Elk
58%
Great Auk
54%
Tarpan/Wild horse
25%
Steppe Bison
21%
Hydruntine
13%
Sardinian Pika
8%
Slender-Billed Curlew
8%
Myotragus
4%
European Dhole
0%
Pied Raven
0%
Praemegaloceros
0%
Sardinian Dhole
0%
No matching quizzes found
Score Distribution
Percent of People with Each Score
Percentile by Number Answered
Your Score History
You have not taken this quiz